Goodnight Moon Objects Quiz Stats

 Plays Quiz Updated Oct 16, 2015

Challenge
Share
Tweet
Score 0/21 Timer 05:00
2 Plays Today
% Correct
Red Balloon
83.4%
Moon
82.3%
Little House
76.7%
Stars
70.6%
Mittens
68%
Mouse
67.8%
Socks
67.4%
Kittens
64.3%
Cow jumping over the moon
63%
Comb
58.2%
Bears
51.4%
% Correct
Brush
51%
Light
41.3%
Mush
37.6%
Old Lady Whispering Hush
33.1%
Chairs
32.5%
Clocks
32.4%
Room
31.2%
Air
25.3%
Noises Everywhere
22.1%
Nobody
20.8%

You're not logged in!

Compare scores with friends on all Sporcle quizzes.
OR
Log In

You Might Also Like...

Show Comments

Extras

Top Quizzes Today


Score Distribution

Your Account Isn't Verified!

In order to create a playlist on Sporcle, you need to verify the email address you used during registration. Go to your Sporcle Settings to finish the process.

Report this User

Report this user for behavior that violates our Community Guidelines.

Details: